书目信息 |
| 题名: |
钛合金 铜合金
|
|
| 作者: | 本书编辑委员会编 | |
| 分册: | ||
| 出版信息: | 北京 中国标准出版社 2002.01 |
|
| 页数: | 498页 | |
| 开本: | 26cm | |
| 丛书名: | 工程材料实用手册 四 | |
| 单 册: | ||
| 中图分类: | TB331 | |
| 科图分类: | ||
| 主题词: | 工程材料:复合材料 | |
| 电子资源: | ||
| ISBN: | 7-5066-2440-0 | |
| 000 | 00758nam0 2200241 450 | |
| 001 | 0737981619 | |
| 005 | 20080110104752.95 | |
| 010 | @a7-5066-2440-0@b精装@dCNY85.00 | |
| 100 | @a20071226d2002 km y0chiy0120 ea | |
| 101 | 0 | @achi |
| 102 | @aCN@b110000 | |
| 200 | 1 | @a钛合金 铜合金@Atai he jin tong he jin@f本书编辑委员会编@Fben shu bian ji wei yuan hui bian |
| 205 | @a2版 | |
| 210 | @a北京@c中国标准出版社@d2002.01 | |
| 215 | @a498页@d26cm | |
| 225 | 2 | @a工程材料实用手册 四 |
| 330 | @a本书是从事工程设计及材料研究的工程技术人员的重要技术资料。 | |
| 410 | 0 | @12001 @a工程材料实用手册 四 |
| 606 | 0 | @a工程材料:复合材料 |
| 690 | @aTB331@v4 | |
| 801 | 0 | @aCN@b大连网信软件有限公司图书馆@c20080110 |
| 905 | @aBZT@dTB331@e1 | |
| 906 | @dCNY85.00@n0@r1 | |
| 钛合金 铜合金/本书编辑委员会编.-2版.-北京:中国标准出版社,2002.01 |
| 498页;26cm.-(工程材料实用手册 四) |
| ISBN 7-5066-2440-0(精装):CNY85.00 |
| 本书是从事工程设计及材料研究的工程技术人员的重要技术资料。 |
| ● |
| 相关链接 |
|
|
|
正题名:钛合金 铜合金
索取号:TB331/1
 
预约/预借
| 序号 | 登录号 | 条形码 | 馆藏地/架位号 | 状态 | 备注 |
| 1 | 607165 | 2000607165 | 中心书库中库/ 中库030架B面3列3层8/ [索取号:TB331/1] | 在馆 | |
| 2 | 607166 | 2000607166 | 中心书库中库/ 中库030架B面3列3层3/ [索取号:TB331/1] | 在馆 | |
| 3 | 607167 | 2000607167 | 中心书库中库/ 中库030架B面3列3层9/ [索取号:TB331/1] | 在馆 | |
| 4 | 607168 | 2000607168 | 中心书库中库/ 中库030架B面2列4层2/ [索取号:TB331/1] | 在馆 | |
| 5 | 607169 | 2000607169 | 中心书库中库/ 中库030架B面3列3层7/ [索取号:TB331/1] | 在馆 | |
| 6 | 607170 | 2000607170 | 中心书库中库/ 中库030架B面3列3层4/ [索取号:TB331/1] | 在馆 | |
| 7 | 607171 | 2000607171 | 中心书库中库/ 中库030架B面3列3层2/ [索取号:TB331/1] | 在馆 | |
| 8 | 607172 | 2000607172 | 中心书库中库/ 中库030架B面3列3层5/ [索取号:TB331/1] | 在馆 | |
| 9 | 607173 | 2000607173 | 中心书库中库/ 中库030架B面3列3层1/ [索取号:TB331/1] | 在馆 | |
| 10 | 607174 | 2000607174 | 中心书库中库/ 中库030架B面3列3层6/ [索取号:TB331/1] | 在馆 |